000 01698nam a2200421 a 4500
001 ebr10392741
003 CaPaEBR
006 m u
007 cr cn|||||||||
008 990210s1999 enk sb 001 0 eng
010 _z 99070887
020 _z0761956484 (hbk.)
020 _z0761956492 (pbk.)
020 _z9780761956488
020 _z9780857026132 (e-book)
040 _aCaPaEBR
_cCaPaEBR
035 _a(OCoLC)47011533
041 1 _aeng
_hger
050 1 4 _aGT3040
_b.B4713 1999eb
100 1 _aBerking, Helmuth.
240 1 0 _aSchenken.
_lEnglish
245 1 0 _aSociology of giving
_h[electronic resource] /
_cHelmuth Berking ; translated by Patrick Camiller.
260 _aLondon ;
_aThousand Oaks, Calif. :
_bSage Publications Ltd.,
_c1999.
300 _ax, 165 p.
490 1 _aTheory, culture & society
504 _aIncludes bibliographical references (p. [153]-159) and index.
505 0 _apt. 1. The phenomenology of gift-giving -- pt. 2. Towards an anthropology of giving -- pt. 3. Transitions -- pt. 4. Morality and society.
533 _aElectronic reproduction.
_bPalo Alto, Calif. :
_cebrary,
_d2013.
_nAvailable via World Wide Web.
_nAccess may be limited to ebrary affiliated libraries.
650 0 _aGifts
_xSocial aspects.
650 0 _aGenerosity
_xSocial aspects.
650 0 _aSelf-interest.
650 0 _aGenerosity
_xMoral and ethical aspects.
655 7 _aElectronic books.
_2local
700 1 _aCamiller, Patrick.
710 2 _aebrary, Inc.
830 0 _aTheory, culture & society (Unnumbered)
856 4 0 _uhttp://site.ebrary.com/lib/rucke/Doc?id=10392741
_zAn electronic book accessible through the World Wide Web; click to view
999 _c89019
_d89019